|
|
|
|
| LEADER |
03007nam a2200661 i 4500 |
| 001 |
nkc20213344799 |
| 003 |
CZ PrNK |
| 005 |
20220302080130.0 |
| 007 |
ta |
| 008 |
210728s2021 xr a f 100 0 cze |
| 015 |
|
|
|a cnb003344799
|
| 020 |
|
|
|a 978-80-7538-352-5
|q (Ministerstvo pro místní rozvoj České republiky ;
|q v knize neuvedeno ;
|q brožováno)
|z 978-80-7538-353-2
|
| 035 |
|
|
|a (OCoLC)1296108713
|
| 040 |
|
|
|a BOA001
|b cze
|d ABA001
|e rda
|
| 043 |
|
|
|a e-xr---
|
| 045 |
|
|
|a y-y-
|
| 072 |
|
7 |
|a 364-1/-7
|x Druhy sociální pomoci a služeb
|2 Konspekt
|9 18
|
| 080 |
|
|
|a 364.682.42
|2 MRF
|
| 080 |
|
|
|a 364-786
|2 MRF
|
| 080 |
|
|
|a 351.778.532
|2 MRF
|
| 080 |
|
|
|a 364-78
|2 MRF
|
| 080 |
|
|
|a 36
|2 MRF
|
| 080 |
|
|
|a (437.3)
|2 MRF
|
| 080 |
|
|
|a (062.534)
|2 MRF
|
| 245 |
0 |
0 |
|a Návrat lidí bez domova do bydlení :
|b konsensuální konference /
|c Martin Potůček, Libor Prudký, Radovan Svoboda, Michaela Šmídová (eds.)
|
| 264 |
|
1 |
|a Praha :
|b Ministerstvo pro místní rozvoj České republiky ve spolupráci s Centrem pro sociální a ekonomické strategie,
|c 2021
|
| 300 |
|
|
|a 203 stran :
|b barevné ilustrace ;
|c 30 cm
|
| 336 |
|
|
|a text
|b txt
|2 rdacontent
|
| 337 |
|
|
|a bez média
|b n
|2 rdamedia
|
| 338 |
|
|
|a svazek
|b nc
|2 rdacarrier
|
| 500 |
|
|
|a Doprovodná publikace ke konferenci Překážky v návratu lidí bez domova do bydlení
|
| 500 |
|
|
|a Název z obálky
|
| 504 |
|
|
|a Obsahuje bibliografické odkazy
|
| 648 |
|
7 |
|a 21. století
|7 ch460559
|2 czenas
|
| 650 |
0 |
7 |
|a bezdomovectví
|7 ph195455
|z Česko
|y 21. století
|2 czenas
|
| 650 |
0 |
7 |
|a sociální integrace
|7 ph125789
|z Česko
|y 21. století
|2 czenas
|
| 650 |
0 |
7 |
|a sociální bydlení
|7 ph118437
|z Česko
|y 21. století
|2 czenas
|
| 650 |
0 |
7 |
|a sociální práce
|7 ph125805
|z Česko
|y 21. století
|2 czenas
|
| 650 |
0 |
7 |
|a sociální politika
|7 ph116210
|z Česko
|y 21. století
|2 czenas
|
| 650 |
0 |
9 |
|a homelessness
|z Czechia
|y 21st century
|2 eczenas
|
| 650 |
0 |
9 |
|a social integration
|z Czechia
|y 21st century
|2 eczenas
|
| 650 |
0 |
9 |
|a social housing
|z Czechia
|y 21st century
|2 eczenas
|
| 650 |
0 |
9 |
|a social work
|z Czechia
|y 21st century
|2 eczenas
|
| 650 |
0 |
9 |
|a social policy
|z Czechia
|y 21st century
|2 eczenas
|
| 655 |
|
7 |
|a sborníky konferencí
|7 fd133333
|2 czenas
|
| 655 |
|
9 |
|a proceedings of conferences
|2 eczenas
|
| 700 |
1 |
|
|a Potůček, Martin,
|d 1948-
|7 jo20000080777
|4 edt
|
| 700 |
1 |
|
|a Prudký, Libor,
|d 1944-
|7 xx0012761
|4 edt
|
| 700 |
1 |
|
|a Svoboda, Radovan
|4 edt
|
| 700 |
1 |
|
|a Šmídová, Michaela,
|d 1975-
|7 mzk2008473165
|4 edt
|
| 711 |
2 |
|
|a Překážky v návratu lidí bez domova do bydlení (konference)
|d (2021 :
|c online)
|7 mzk20211133975
|4 oth
|
| 856 |
4 |
1 |
|u https://ceses.cuni.cz/CESES-477-version1-e_kniha_final.pdf
|y Online verze
|4 N
|
| 910 |
2 |
|
|a BOA001
|b 4-1476.462
|
| 928 |
9 |
|
|a Centrum pro sociální a ekonomické strategie Fakulty sociálních věd Univerzity Karlovy
|
| 990 |
|
|
|a BK
|
| 995 |
|
|
|a 01
|
| 991 |
|
|
|b 202112
|c NOV
|
| 996 |
6 |
|
|b 2610886263
|c 4-1476.462
|l MZK
|r Sklad / do 1 hodiny
|n 2
|p p.v.
|w 001869611
|u 000010
|a 1
|e BOA001
|j MZK50
|s P
|